01734nab a2200217 ab450000500170000000800410001700300010005804000350005910000470009410000260014124501190016750600190028652009130030565000120121865000250123065300210125565300210127677301000129785600570139785600620145420260702125948.0260604b2025 sp tr poo| 0 0 spa d aMX-MxUPNbspacMX-MxUPNeaacr21 aFernandez Villanueva, María Concepción1 aRomero Delgado, Marta10aLegitimación de las violencias sexuales a través de las obras pictóricash[recurso electrónico en línea]0 aAcceso abierto3 aDesde una perspectiva pluridisciplinar donde convergen la sociología visual y la perspectiva feminista, analizamos la representación y legitimación de la violencia sexual en algunas pinturas reconocidas como obras de arte en la historia. El objetivo es revisar las intenciones, implicaciones y funciones de las pinturas recogidas en los museos que naturalizan la violencia sexual a través de la legitimación simbólica. Los resultados más relevantes son: a) la omisión o minimización del daño producido por la violencia sexual y el embellecimiento de las víctimas, b) la mayor deslegitimación de la violencia sexual por parte de las mujeres artistas y c) la evolución histórica de la mirada a la violencia sexual. Finalmente, presentamos algunas sugerencias que se pueden derivar para favorecer una mirada crítica a la representación de las obras de arte en los museos. cREIS 2aPintura 4aViolencia en el arte aViolencia sexual aMirada crítica gNo. 193 (2025), p. 37-52tREIS: revista española de investigaciones sociológicasx1988-59034 uhttps://reis.cis.es/index.php/reis/article/view/24784 uhttps://reis.cis.es/index.php/reis/article/view/2478/3057